000 00691nam a2200205Ia 4500
003 GCL
008 140319s9999 xx 000 0 ara d
040 _aGCL /
_cGCL
082 0 4 _a333.7
_bع ب
100 1 _aعادل احمد جرار
245 1 0 _aالبيئة والموارد الطبيعية /
_cعادل احمد جرار
300 _a191 ص
490 _aالهيئة العامة للاستعلامات
_v0
650 0 4 _aالطاقة , اقتصاديات
650 0 4 _aالبيئة - اقتصاديات
650 0 4 _aالماء - اقتصاديات
650 0 4 _aالتربة - اقتصاديات
650 0 4 _aالجووالمناخ - اقتصاديات
942 _2ddc
_cBK
999 _c48399
_d48399